00672nam a2200241 a 4500001001300000003000900013005001700022008004100039020000900080082001600089100001700105245003600122260003700158300001000195500003500205505001000240650001800250700001700268902000800285942000700293952011500300999001500415nice12345678IN_TiNIC20260116012748.0050524s1981 rama grp 000 0 urd  ac1800a297.09bKHA aKhan, A Shah aTarikh Zawal-E-Millat-E-Islamia aRampurbMaktaba Al-Hasnaatc1981 a320p. aincludes index and biblioraphy2 aIndex aIslam-History1 aKhan, A Shah bSRS cBK 001040708StackRoom-aHMIbHMId2007-07-25g18.00l0o297.09 KHAp010204r2007-07-25v18.00w2005-05-24yBK c8275d8275